|
|
|
|
| LEADER |
01137nam a2200289 a 4500 |
| 001 |
28612 |
| 003 |
BD-DhAAL |
| 005 |
20141125100608.0 |
| 008 |
141125t19841957enk 000 1 eng |
| 010 |
|
|
|a 84004436
|
| 020 |
|
|
|a 0192818538 (pbk.)
|
| 040 |
|
|
|a DLC
|c DLC
|d DLC
|d BD-DhAAL
|
| 050 |
0 |
0 |
|a PR6005.O3895
|b F3 1984
|
| 082 |
0 |
0 |
|a 823/.912
|2 19
|
| 100 |
2 |
|
|a Compton-Burnett, I.
|q (Ivy),
|d 1884-1969.
|9 6198
|
| 245 |
1 |
2 |
|a A father and his fate /
|c Ivy Compton-Burnett ; introduced by Penelope Lively.
|
| 260 |
|
|
|a Oxford [Oxfordshire] ;
|a New York :
|b Oxford University Press,
|c 1984, c1957.
|
| 300 |
|
|
|a xii, 204 p. ;
|c 20 cm.
|
| 490 |
|
0 |
|a Twentieth-century classics
|
| 500 |
|
|
|a Cover title: A father & his fate.
|
| 541 |
|
|
|e 28612
|
| 650 |
|
0 |
|a Fiction in English
|v Texts
|y 1900-1945
|9 6199
|
| 700 |
1 |
|
|a Lively, Penelope
|9 6200
|
| 740 |
0 |
|
|a Father & his fate.
|
| 942 |
|
|
|2 ddc
|c BK
|
| 999 |
|
|
|c 33120
|d 33120
|
| 952 |
|
|
|0 0
|1 0
|2 ddc
|4 0
|6 823_912000000000000_COM
|7 0
|9 44208
|a BRACUL
|b BRACUL
|c GEN
|d 2014-11-25
|e BRAC Institute of Language (BIL)
|l 0
|o 823.912 COM
|p 3010028612
|r 2014-11-25
|t 1
|w 2014-11-25
|y BK
|x Transferred from BIL to BRACUL on 06/06/22
|